000 01536nam a2200385 i 4500
001 104531
003 FINmELB
005 20241217173410.0
006 m o d |
007 cr cnu||||||||
008 240424s2023 cu a o 001 0 spa d
020 _a9789591650214
_q(e-book)
035 _a(OCoLC)1435562496
040 _aFINmELB
_bspa
_erda
_cFINmELB
050 4 _aHD28
_bB716 2023
080 _a658.5
082 0 4 _a658.05
_223
100 1 _aBonne Falcón, Eduardo Nicolás,
_eautor.
245 1 0 _aEfectividad de las organizaciones y calidad de vida universal :
_buna alianza convergente /
_cEduardo Nicolás Bonne Falcón.
264 1 _aLa Habana :
_bEditorial Universitaria,
_c2023.
300 _a1 recurso en línea (v, 187 páginas) :
_bilustraciones
336 _atexto
_btxt
_2rdacontent/spa
337 _acomputadora
_bc
_2rdamedia/spa
338 _arecurso en línea
_bcr
_2rdacarrier/spa
500 _aIncluye índice de tablas y figuras.
500 _aIncluye índice.
588 _aDescripción basada en metadatos suministrados por el editor y otras fuentes.
590 _aRecurso electrónico. Santa Fe, Arg.: elibro, 2024. Disponible vía World Wide Web. El acceso puede estar limitado para las bibliotecas afiliadas a elibro.
650 4 _aAdministración de la producción.
650 4 _aControl de calidad.
650 4 _aOrganización de la producción.
655 4 _aLibros electrónicos.
797 2 _aelibro, Corp.
856 4 0 _uhttps://elibro.net/ereader/politecnicointernacional/256856
999 _c104531
_d104531